| 000 | 00992nam a2200205Ii 4500 | ||
|---|---|---|---|
| 008 | 221202s xx 000 0 und d | ||
| 100 | 1 |
_aHerb Ward, C., _eauthor |
|
| 245 | 0 |
_aHabitats and Biota of the Gulf of Mexico : _b Before the Deepwater Horizon Oil Spill : Volume 1 : Water Quality, Sediments, Sediment Contaminants, Oil and Gas Seeps, Coastal Habitats, Offshore Plankton and Benthos, and Shellfish : |
|
| 264 | 1 |
_aCham _bSpringer Nature _c2017 |
|
| 300 | _a1 online resource (868 pages) | ||
| 336 |
_atext _btxt _2rdacontent |
||
| 337 |
_acomputer _bc _2rdamedia |
||
| 338 |
_aonline resource _bcr _2rdacarrier |
||
| 520 | _aenvironmental management; marine; freshwater sciences | ||
| 653 | _aEnvironmental Management | ||
| 653 | _aFreshwater Sciences | ||
| 653 | _aMarine | ||
| 856 | _uhttps://library.oapen.org/bitstream/20.500.12657/28068/1/1001926.pdfhttps://link.springer.com/book/10.1007/978-1-4939-3447-8http://library.oapen.org/handle/20.500.12657/28068 | ||
| 942 | _cE-BOOK | ||
| 999 |
_c62928 _d62928 |
||